| 000 | 00700cam a2200193 a 4500 | ||
|---|---|---|---|
| 020 | _a0784401047 | ||
| 082 | 0 | 0 |
_a624.151 _bHAN |
| 100 | 1 |
_aHandy, Richard Lincoln, _938610 |
|
| 245 | 1 | 4 |
_aThe day the house fell : _bhomeowner soil problems--from landslides to expansive clays and wet basements / _cRichard L. Handy ; with drawings by Cybermouse, pH 7. |
| 260 |
_aNew York, N.Y. : _bASCE Press, _cc1995. |
||
| 300 |
_a230 p. : _bill. ; _c23 cm. |
||
| 500 | _aIncludes index. | ||
| 526 |
_a0 _b0 _c0 _d624_151000000000000_HAN |
||
| 650 | 0 |
_aBuilding sites. _923362 |
|
| 650 | 0 |
_aDwellings _xInspection. _946710 |
|
| 650 | 0 |
_aEarth movements and building. _942907 |
|
| 650 | 0 |
_aMCE _9379 |
|
| 942 |
_2ddc _cBK |
||
| 999 |
_c549976 _d549976 |
||